• 首页
  • 本馆介绍
  • 公告通知
  • 最新文献
  • 馆藏检索
  • 电子资源
  • 读者导购
  • 参考咨询
  • 我的图书馆
  • 登录
  • 详细信息显示
  • 放入我的书架
  • 预约/预借图书
  • 作者相关作品
  • 分类相关作品
  • 丛书相关作品
  • 出版社相关作品

书目信息

  • 表格格式
  • 工作单格式
  • 卡片格式
题名:
师范书法教程
    
 
作者: 邹志生 , 刘飞滨 编著
分册:  
出版信息: 武汉   华中科技大学出版社  2017.11
页数: 296页
开本: 29cm
丛书名: 普通高等教育“十一五”国家级规范教材
单 册:
中图分类: J292.11 , J292.12
科图分类:
主题词: 毛笔字--书法--高等教育--教材 , 硬笔字--书法--高等教育--教材
电子资源:
ISBN: 978-7-5680-2999-5
000 01461nam 2200313 45
001 490194
005 20140817210812.0
010    @a978-7-5680-2999-5@dCNY45.00
099    @aCAL 012017182288
100    @a20171121d2017 em y0chiy0110 ea
101 0  @achi
102    @aCN@b420000
105    @aa a 000yy
106    @ar
200 1  @a师范书法教程@Ashi fan shu fa jiao cheng@f邹志生, 刘飞滨编著
210    @a武汉@c华中科技大学出版社@d2017.11
215    @a296页@c图@d29cm
225 2  @a普通高等教育“十一五”国家级规范教材@Apu tong gao deng jiao yu “ shi yi wu ” guo jia ji gui fan jiao cai
320    @a有书目 (第296页)
330    @a本书内容: 毛笔书法篇: 编入楷书、行书、隶书内容, 重点介绍笔法、字法等书写法则 ; 硬笔书法篇: 编入楷书、行书内容, 重点介绍笔法、字法等书写法则及实用示范案例 ; 粉笔书法篇: 编入楷书、行书及板书设计与示范内容, 训练师范生提高班数质量 ; 重点介绍笔法、字法等书写法则及实用示范案例。特点: 编入各书体书写法则分类讲解与示范 ; 编入“书法美学通俗解读”内容, 体现其学术价值, 以提高师范生读者书法审美水平为前提而促进书写水平的提高 ; 编入训练用范字及字帖, 方便读者临摹与应用。
461  0 @12001 @a普通高等教育“十一五”国家级规范教材
606 0  @a毛笔字@x书法@x高等教育@j教材
606 0  @a硬笔字@x书法@x高等教育@j教材
690    @aJ292.11@v5
690    @aJ292.12@v5
701  0 @a邹志生@Azou zhi sheng@4编著
701  0 @a刘飞滨@Aliu fei bin@4编著
801    @aCN@b江苏凤凰@c20211018
905    @b1356000-3@dJ292.11@e750@f4
    
    师范书法教程/邹志生, 刘飞滨编著.-武汉:华中科技大学出版社,2017.11
    296页:图;29cm.-(普通高等教育“十一五”国家级规范教材)
    
    
    ISBN 978-7-5680-2999-5:CNY45.00
    本书内容: 毛笔书法篇: 编入楷书、行书、隶书内容, 重点介绍笔法、字法等书写法则 ; 硬笔书法篇: 编入楷书、行书内容, 重点介绍笔法、字法等书写法则及实用示范案例 ; 粉笔书法篇: 编入楷书、行书及板书设计与示范内容, 训练师范生提高班数质量 ; 重点介绍笔法、字法等书写法则及实用示范案例。特点: 编入各书体书写法则分类讲解与示范 ; 编入“书法美学通俗解读”内容, 体现其学术价值, 以提高师范生读者书法审美水平为前提而促进书写水平的提高 ; 编入训练用范字及字帖, 方便读者临摹与应用。
●
相关链接 在E读中查询图书 在五车中查询图书 在当当中查询图书 在豆瓣中查询图书


正题名:师范书法教程     索取号:J292.11/750         预约/预借

序号 登录号 条形码 馆藏地/架位号 状态 备注
1 1356000   213560001   第一样本阅览室/ [索取号:J292.11/750] 在馆    
2 1356001   213560010   第一借阅区/ [索取号:J292.11/750] 在馆    
3 1356002   213560029   第一借阅区/ [索取号:J292.11/750] 在馆    
4 1356003   213560038   第一借阅区/ [索取号:J292.11/750] 在馆    
唐山师范学院图书馆 欢迎您!
大连网信软件有限公司© 版权所有